Guide to Fire and Gas Detection Design in Hazardous Industries (Record no. 60770)
[ view plain ]
| 000 -LEADER | |
|---|---|
| fixed length control field | 00501nam a22001817a 4500 |
| 005 - DATE & TIME | |
| control field | 20260512163638.0 |
| 008 - FIXED-LENGTH DATA ELEMENTS--GENERAL INFORMATION | |
| fixed length control field | 260512b |||||||| |||| 00| 0 eng d |
| 020 ## - ISBN | |
| International Standard Book Number | 9781032160146 |
| Price | 8978.68 |
| 040 ## - CATALOGING SOURCE | |
| Original cataloging agency | Doon University |
| 041 ## - Language | |
| Language | English |
| 082 ## - DDC NUMBER | |
| Classification number | 628.92 |
| Book Number | MCN |
| 100 ## - MAIN ENTRY--PERSONAL NAME | |
| Personal name | Mcnnay, James |
| 245 ## - TITLE STATEMENT | |
| Title | Guide to Fire and Gas Detection Design in Hazardous Industries |
| 260 ## - PUBLICATION, DISTRIBUTION, ETC. (IMPRINT) | |
| Place of publication, distribution, etc | London |
| Name of publisher, distributor, etc | CRC Press |
| Date of publication, distribution, etc | 2023 |
| 300 ## - PHYSICAL DESCRIPTION | |
| Pages | 132 |
| 650 ## - Subject | |
| Subject | Environment Science (PM USHA) |
| 942 ## - ADDED ENTRY ELEMENTS (KOHA) | |
| Koha item type | Books |
| 100 ## - MAIN ENTRY--PERSONAL NAME | |
| -- | 26795 |
| 650 ## - Subject | |
| -- | 26725 |
| 952 ## - LOCATION AND ITEM INFORMATION (KOHA) | |
| -- | 2026-05-12 |
| 952 ## - LOCATION AND ITEM INFORMATION (KOHA) | |
| -- | 2026-05-12 |
| 952 ## - LOCATION AND ITEM INFORMATION (KOHA) | |
| -- | 2026-05-12 |
| Withdrawn status | Lost status | Source of classification or shelving scheme | Damaged status | Not for loan | Location (home branch) | Sublocation or collection (holding branch) | Date acquired | Koha full call number | Accession No. | Koha date last seen | Koha item type | Koha issues (times borrowed) |
|---|---|---|---|---|---|---|---|---|---|---|---|---|
| Not For Loan | Doon University | Doon University | 12.05.2026 | 628.92 MCN | 32998 | 12.05.2026 | Reference | |||||
| Doon University | Doon University | 12.05.2026 | 628.92 MCN | 32999 | 12.05.2026 | Books | ||||||
| Doon University | Doon University | 12.05.2026 | 628.92 MCN | 33000 | 12.05.2026 | Books |